Development of Slovak Capital in Tax Havens
Počet offshore spoločností na základe údajov finančnej správy Ministerstva financií SR a Bisnode A Dun & Bradstreet Company a vývoj slovenských spoločností v daňových rajoch v rokoch 2008-2020. Hypotéza o štatisticky významných rozdieloch v počte slovenských offshore spoločností v analyzovaných kraj...
Enregistré dans:
| Auteur principal: | |
|---|---|
| Autres auteurs: | , |
| Format: | Chapitre de livre |
| Langue: | anglais |
| Sujets: | |
| Tags: |
Pas de tags, Soyez le premier à ajouter un tag!
|
MARC
| LEADER | 00000naa a2200000 4500 | ||
|---|---|---|---|
| 001 | 0281610 | ||
| 005 | 20220128103901.4 | ||
| 041 | 0 | |a eng | |
| 044 | |a SK | ||
| 245 | 1 | 0 | |a Development of Slovak Capital in Tax Havens |c Sylvia Jenčová, Marta Lukáčová, Petra Vašaničová |
| 520 | |a Počet offshore spoločností na základe údajov finančnej správy Ministerstva financií SR a Bisnode A Dun & Bradstreet Company a vývoj slovenských spoločností v daňových rajoch v rokoch 2008-2020. Hypotéza o štatisticky významných rozdieloch v počte slovenských offshore spoločností v analyzovaných krajinách medzi rokmi 2020 a 2008. Výsledky poukazujúce, že počet spoločností v daňových rajoch vzrástol v najväčšej miere v roku 2020. | ||
| 610 | 2 | 0 | |a kapitál |
| 610 | 2 | 0 | |a raje daňové |
| 610 | 2 | 0 | |a offshore |
| 610 | 2 | 0 | |a spoločnosť |
| 610 | 2 | 0 | |a dane |
| 100 | 1 | |a Jenčová, Sylvia | |
| 700 | 1 | |a Lukáčová, Marta | |
| 700 | 1 | |a Vašaničová, Petra | |